[Event "FIDE World Blitz-ch Women 2018"]
[Site "St. Petersburg"]
[Date "2018.12.29"]
[Round "2.46"]
[White "Shvayger, Yuliya"]
[Black "Iljushina, Olga"]
[Result "1-0"]
[WhiteElo "2393"]
[BlackElo "2259"]
[Annotator "NA"]
[PlyCount "105"]
[EventDate "2018.12.19"]
[EventType "swiss"]
[EventCountry "RUS"]
[SourceTitle "playchess.com"]
[Source "ChessBase"]
[SourceQuality "1"]

1. e4 c5 2. Nf3 Nc6 3. Bb5 g6 4. O-O Bg7 5. Re1 Nh6 6. Bxc6 dxc6 7. h3 e5 8. d3 f6 9. Be3 b6 10. a3 a5 11. Nbd2 O-O 12. a4 Be6 13. b3 Nf7 14. Nc4 Rb8 15. Qd2 Qe7 16. Rab1 Rfd8 17. Kh1 g5 18. Nh2 h5 19. Qe2 h4 20. Qd2 Nd6 21. Qc3 Ne8 22. Nxb6 Rxb6 23. Bxc5 Qb7 24. Qxa5 Rb8 25. Bxb6 Qxb6 26. Qxb6 Rxb6 27. b4 Nc7 28. Nf1 f5 29. exf5 Bxf5 30. Ne3 Be6 31. Nc4 Ra6 32. a5 g4 33. hxg4 Bxg4 34. Nxe5 Be6 35. c4 Bf5 36. f4 Bxe5 37. Rxe5 Bxd3 38. Rc1 Kf7 39. Rc3 Bg6 40. Ra3 Kf6 41. b5 cxb5 42. cxb5 Rd6 43. a6 Rd8 44. b6 Nxa6 45. Rxa6 Rb8 46. b7+ Kf7 47. Rb6 Bd3 48. Rc5 Be4 49. Rc7+ Ke8 50. Rg7 Kf8 51. Rc7 Bf5 52. Rf6+ Ke8 53. Rxf5 1-0

[Event "FIDE World Blitz-ch Women 2018"]
[Site "St. Petersburg"]
[Date "2018.12.29"]
[Round "2.47"]
[White "Bivol, Alina"]
[Black "Tevzadze, Mariam"]
[Result "1-0"]
[WhiteElo "2393"]
[BlackElo "1967"]
[Annotator "NA"]
[PlyCount "63"]
[EventDate "2018.12.19"]
[EventType "swiss"]
[EventCountry "RUS"]
[SourceTitle "playchess.com"]
[Source "ChessBase"]
[SourceQuality "1"]

1. Nf3 Nf6 2. g3 d6 3. Bg2 g6 4. d4 Bg7 5. O-O O-O 6. Nc3 c6 7. e4 Qc7 8. Re1 Nfd7 9. Qe2 e5 10. dxe5 dxe5 11. b3 Na6 12. Bb2 Nac5 13. Rad1 Ne6 14. Qe3 Re8 15. Qc1 b5 16. a4 b4 17. Nb1 f6 18. Nbd2 Bf8 19. Nc4 Nb6 20. Nxb6 axb6 21. h4 Bc5 22. c3 Kg7 23. cxb4 Bxb4 24. Bc3 Bc5 25. Qb2 Rd8 26. Nxe5 Bd4 27. Nf3 Bxc3 28. Qxc3 Ba6 29. e5 f5 30. Nd4 Re8 31. Qxc6 Qxc6 32. Bxc6 1-0

[Event "FIDE World Blitz-ch Women 2018"]
[Site "St. Petersburg"]
[Date "2018.12.29"]
[Round "2.48"]
[White "Fominykh, Maria"]
[Black "Nakhbayeva, Guliskhan"]
[Result "0-1"]
[WhiteElo "2259"]
[BlackElo "2371"]
[Annotator "NA"]
[PlyCount "98"]
[EventDate "2018.12.19"]
[EventType "swiss"]
[EventCountry "RUS"]
[SourceTitle "playchess.com"]
[Source "ChessBase"]
[SourceQuality "1"]

1. Nf3 Nf6 2. g3 e6 3. Bg2 d5 4. O-O c5 5. c4 d4 6. e3 Nc6 7. exd4 cxd4 8. d3 a5 9. Na3 Be7 10. Nb5 e5 11. Re1 Nd7 12. h4 O-O 13. Ng5 Nc5 14. Bd5 Bxg5 15. Bxg5 Qd7 16. Qe2 Re8 17. a3 a4 18. Rad1 Kh8 19. h5 f6 20. Bh4 Ne7 21. h6 Nf5 22. hxg7+ Qxg7 23. Qh5 Rf8 24. Kh2 Nxh4 25. Qxh4 Bg4 26. Rd2 Rad8 27. Rh1 Rd7 28. Kg2 Be6 29. Bf3 f5 30. Bh5 e4 31. dxe4 fxe4 32. Rdd1 d3 33. Nc3 Bxc4 34. Nxe4 Nxe4 35. Bf3 Ng5 36. Qxc4 Nxf3 37. Rxd3 Ne5 38. Rxd7 Nxc4 39. Rxg7 Kxg7 40. Rc1 b5 41. Rc3 Rd8 42. b3 axb3 43. Rxb3 Rb8 44. a4 b4 45. f4 Na5 46. Rb1 b3 47. Kf3 b2 48. Ke2 Nc4 49. Kd3 Na3 0-1

[Event "FIDE World Blitz-ch Women 2018"]
[Site "St. Petersburg"]
[Date "2018.12.29"]
[Round "2.49"]
[White "Nguyen, Thi Mai Hung"]
[Black "Semenova, Elena"]
[Result "1-0"]
[WhiteElo "2280"]
[BlackElo "2260"]
[Annotator "NA"]
[PlyCount "123"]
[EventDate "2018.12.19"]
[EventType "swiss"]
[EventCountry "RUS"]
[SourceTitle "playchess.com"]
[Source "ChessBase"]
[SourceQuality "1"]

1. d4 Nf6 2. Nf3 d5 3. c4 dxc4 4. e3 e6 5. Bxc4 c5 6. O-O cxd4 7. exd4 Be7 8. Nc3 O-O 9. d5 exd5 10. Nxd5 Nxd5 11. Bxd5 Nc6 12. Be3 Bg4 13. Bxc6 Qxd1 14. Rfxd1 bxc6 15. h3 Be6 16. Nd4 Bd5 17. b3 Bf6 18. Rac1 Bxd4 19. Rxd4 Rfe8 20. Ra4 a6 21. Ra5 Re4 22. Rc3 f6 23. f3 Rb4 24. Kf2 Rb5 25. Ra4 Kf7 26. Rc5 Rxc5 27. Bxc5 Ke6 28. Ke3 g6 29. g3 f5 30. f4 Be4 31. Bd4 Bd5 32. h4 Kd6 33. Be5+ Kc5 34. Bc7 Kb5 35. Kd4 a5 36. Kc3 Ra7 37. Be5 Be4 38. Rd4 Bd5 39. Ra4 Be4 40. Rd4 Bd5 41. a3 a4 42. b4 Rd7 43. Rd2 Be6 44. Rxd7 Bxd7 45. Kd4 Be6 46. Bd6 Bd5 47. Bf8 Ba2 48. Be7 Bg8 49. Bf8 Ba2 50. Ke5 Bc4 51. Kf6 Be2 52. Kg7 Kc4 53. Kxh7 Bh5 54. Kh6 Kb3 55. Kg5 Kb2 56. Bc5 Kb3 57. Bd6 Kc4 58. Kf6 Bf3 59. Kxg6 Kb3 60. Kxf5 Kxa3 61. b5+ Kb3 62. bxc6 1-0

[Event "FIDE World Blitz-ch Women 2018"]
[Site "St. Petersburg"]
[Date "2018.12.29"]
[Round "2.50"]
[White "Vega Gutierrez, Sabrina"]
[Black "Makarenko, Alexandra"]
[Result "1-0"]
[WhiteElo "2390"]
[BlackElo "2228"]
[Annotator "NA"]
[PlyCount "79"]
[EventDate "2018.12.19"]
[EventType "swiss"]
[EventCountry "RUS"]
[SourceTitle "playchess.com"]
[Source "ChessBase"]
[SourceQuality "1"]

1. e4 e5 2. Nf3 Nc6 3. Bc4 Bc5 4. c3 Nf6 5. d3 O-O 6. b4 Be7 7. O-O d6 8. Re1 Be6 9. Nbd2 a6 10. Qc2 h6 11. a3 Re8 12. Bb2 Bf8 13. Bxe6 fxe6 14. d4 exd4 15. cxd4 Qd7 16. Rac1 Rac8 17. h3 Qf7 18. Nf1 g6 19. Ng3 Bg7 20. e5 Nd5 21. Ne4 dxe5 22. dxe5 Nf4 23. Nf6+ Bxf6 24. exf6 e5 25. Nxe5 Nxe5 26. Bxe5 Nd5 27. Bb2 c6 28. Qd2 Kh7 29. Qd4 Rcd8 30. Rcd1 Kg8 31. Re4 Rxe4 32. Qxe4 Re8 33. Qd4 Kh7 34. Kf1 Re6 35. Re1 Rxe1+ 36. Kxe1 Qe6+ 37. Kf1 Qe8 38. f7 Qf8 39. Qh8+ Qxh8 40. Bxh8 1-0

[Event "FIDE World Blitz-ch Women 2018"]
[Site "St. Petersburg"]
[Date "2018.12.29"]
[Round "2.51"]
[White "Kabanova, Ekaterina"]
[Black "Sukhareva, Evgeniya"]
[Result "0-1"]
[WhiteElo "2095"]
[BlackElo "2126"]
[Annotator "NA"]
[PlyCount "98"]
[EventDate "2018.12.19"]
[EventType "swiss"]
[EventCountry "RUS"]
[SourceTitle "playchess.com"]
[Source "ChessBase"]
[SourceQuality "1"]

1. c4 e5 2. e3 d6 3. Qc2 g6 4. b4 Bg7 5. Bb2 Ne7 6. d3 O-O 7. Nd2 c6 8. Ngf3 b6 9. Be2 Bb7 10. O-O Nd7 11. a3 Rc8 12. h3 Qc7 13. Rac1 Qb8 14. Rfe1 d5 15. Bf1 h6 16. Qb1 Kh7 17. Qa1 f5 18. d4 e4 19. Ne5 Nxe5 20. dxe5 Rfd8 21. cxd5 cxd5 22. Nb3 Re8 23. Rxc8 Qxc8 24. Rc1 Qb8 25. Bb5 Rd8 26. e6 Bxb2 27. Qxb2 Rf8 28. Bd7 f4 29. Qd2 f3 30. Nd4 fxg2 31. Qe2 h5 32. Kxg2 Qd6 33. b5 Bc8 34. Bxc8 Nxc8 35. Qc2 Kh6 36. Qc7 Qxa3 37. Rc2 Ne7 38. Qd7 Nc8 39. Nc6 Qb3 40. Rd2 Qc3 41. Qxd5 Qa3 42. Qxe4 Qc5 43. Rd5 Qc3 44. Rd7 Qb2 45. Qd4 Qxf2+ 46. Kh1 Qf1+ 47. Kh2 Rf2+ 48. Kg3 Qg2+ 49. Kh4 g5# 0-1

[Event "FIDE World Blitz-ch Women 2018"]
[Site "St. Petersburg"]
[Date "2018.12.29"]
[Round "2.52"]
[White "Tsatsalashvili, Keti"]
[Black "Doan, Thi Van Anh"]
[Result "1-0"]
[WhiteElo "2303"]
[BlackElo "1950"]
[Annotator "NA"]
[PlyCount "139"]
[EventDate "2018.12.19"]
[EventType "swiss"]
[EventCountry "RUS"]
[SourceTitle "playchess.com"]
[Source "ChessBase"]
[SourceQuality "1"]

1. d4 d5 2. Nf3 Nf6 3. c4 c6 4. e3 Bf5 5. Nc3 e6 6. Qb3 Qc7 7. Nh4 Bg4 8. cxd5 exd5 9. h3 Bh5 10. Bd3 Nbd7 11. Bd2 Bg6 12. Nxg6 hxg6 13. Rc1 Qb6 14. Qc2 Bd6 15. a3 Rc8 16. b4 a6 17. Na4 Qc7 18. Nc5 O-O 19. O-O Rfe8 20. a4 Bxc5 21. bxc5 Ne4 22. Rb1 Ndf6 23. Rb2 g5 24. Rfb1 Rb8 25. f3 Nxd2 26. Qxd2 g6 27. Rb3 Kg7 28. Bf1 Red8 29. Qb2 Qe7 30. Kf2 Rd7 31. Bxa6 g4 32. hxg4 Nh7 33. Bf1 Re8 34. g3 Qg5 35. Be2 Rde7 36. f4 Qf6 37. Bf3 Re6 38. Re1 Qe7 39. Qd2 Nf6 40. g5 Ne4+ 41. Bxe4 Rxe4 42. Rh1 Qe6 43. Rh4 Rh8 44. Rxh8 Kxh8 45. Kg2 Kg7 46. a5 Qe7 47. Qf2 Qe6 48. Qf3 Qe7 49. Kf2 Qd7 50. g4 Qc7 51. Rb6 Qb8 52. Qd1 Qe8 53. Qb3 Qa8 54. Qb4 Qe8 55. Qb3 Qc8 56. Kg3 Qe8 57. Kf3 Qa8 58. Qc3 Qc8 59. Rb1 Qh8 60. Kg3 Qe8 61. Re1 Qa8 62. Rh1 Qe8 63. Kf2 Qc8 64. Kf3 Qe8 65. Qd3 Qa8 66. Qd2 Qa6 67. Qh2 Kf8 68. Qh8+ Ke7 69. Qf6+ Kd7 70. Qd6+ 1-0

[Event "FIDE World Blitz-ch Women 2018"]
[Site "St. Petersburg"]
[Date "2018.12.29"]
[Round "2.53"]
[White "Bulatova, Kamaliya"]
[Black "Vasilevich, Irina"]
[Result "0-1"]
[WhiteElo "2007"]
[BlackElo "2258"]
[Annotator "NA"]
[PlyCount "88"]
[EventDate "2018.12.19"]
[EventType "swiss"]
[EventCountry "RUS"]
[SourceTitle "playchess.com"]
[Source "ChessBase"]
[SourceQuality "1"]

1. d4 e6 2. Bf4 b6 3. e3 Bb7 4. Nf3 Be7 5. h3 d6 6. Nbd2 Nd7 7. Bd3 a6 8. Qe2 h6 9. Bh2 Ngf6 10. c3 c5 11. a4 O-O 12. O-O Re8 13. e4 Nf8 14. e5 dxe5 15. dxe5 Nd5 16. Ne4 Ng6 17. Bc2 Qc7 18. Rfd1 c4 19. Nd6 Ndf4 20. Qe3 Nd5 21. Qe1 Red8 22. Nxb7 Qxb7 23. Bxg6 fxg6 24. Qe4 g5 25. Qxc4 b5 26. Qb3 Bc5 27. Qc2 bxa4 28. Rxa4 Rab8 29. b4 Ba7 30. Raa1 Rdc8 31. Qg6 Qf7 32. Qxf7+ Kxf7 33. Rxa6 Bb6 34. Ra3 Nxc3 35. Rd7+ Kg6 36. Bg3 Ne2+ 37. Kh2 Nxg3 38. Kxg3 Rc2 39. h4 Bxf2+ 40. Kh3 Rxb4 41. Ra6 g4+ 42. Kh2 gxf3 43. Rxe6+ Kf5 44. Ree7 Rxh4# 0-1

[Event "FIDE World Blitz-ch Women 2018"]
[Site "St. Petersburg"]
[Date "2018.12.29"]
[Round "2.54"]
[White "Lysenko, Margarita"]
[Black "Belova, Olga"]
[Result "1-0"]
[WhiteElo "2190"]
[BlackElo "2069"]
[Annotator "NA"]
[PlyCount "173"]
[EventDate "2018.12.19"]
[EventType "swiss"]
[EventCountry "RUS"]
[SourceTitle "playchess.com"]
[Source "ChessBase"]
[SourceQuality "1"]

1. c4 Nf6 2. Nf3 e6 3. g3 c5 4. Bg2 Nc6 5. O-O d5 6. cxd5 exd5 7. d4 Be6 8. Nc3 c4 9. b3 Bb4 10. Bd2 Qa5 11. Qc1 b5 12. a3 Bxc3 13. Bxc3 Qc7 14. bxc4 bxc4 15. Ng5 O-O 16. Qc2 Rfe8 17. e4 dxe4 18. Nxe4 Nd5 19. Ng5 g6 20. Nxe6 fxe6 21. Rab1 Nce7 22. Ba1 Nf5 23. Qe4 Rac8 24. Rbc1 c3 25. h3 Nd6 26. Qd3 Nf5 27. Rfe1 Qc4 28. Qc2 Qxd4 29. g4 Nh4 30. Be4 Nf4 31. Kh2 Qe5 32. Kh1 Nxh3 33. Qe2 Ng5 34. Bg2 Nxg2 35. Kxg2 Qd5+ 36. f3 Qd6 37. Rcd1 Qc5 38. Rc1 Qd4 39. Red1 Qf6 40. Rd3 e5 41. Rdxc3 Rxc3 42. Bxc3 Nf7 43. Qc4 Kg7 44. f4 Qb6 45. Re1 Qb7+ 46. Kg1 Rc8 47. Qd3 Qb6+ 48. Kf1 Qc5 49. Ba1 Qc6 50. fxe5 Qh1+ 51. Ke2 Qg2+ 52. Kd1 Qxg4+ 53. Re2 Qa4+ 54. Ke1 Qa5+ 55. Kf2 Qb6+ 56. Bd4 Qe6 57. Qe3 Nh6 58. Qg3 Qf5+ 59. Kg2 Qe6 60. Bb2 Nf5 61. Qf2 Rc7 62. Rd2 Rb7 63. Ba1 Qc6+ 64. Kh3 Rb3+ 65. Kg4 h5+ 66. Kg5 Rb7 67. e6+ Kh7 68. Qf4 Qe8 69. Qe5 Qe7+ 70. Qf6 Qxf6+ 71. Kxf6 Ng7 72. Rd7 Rb1 73. Rxg7+ Kh6 74. Rxg6+ Kh7 75. Rg7+ Kh6 76. Bd4 Rf1+ 77. Ke7 Rd1 78. Bf6 h4 79. Rg8 h3 80. Rh8+ Kg6 81. Rxh3 Re1 82. Rg3+ Kf5 83. Rg5+ Kf4 84. Ra5 Rd1 85. Kf7 Rh1 86. e7 Rh7+ 87. Bg7 1-0

[Event "FIDE World Blitz-ch Women 2018"]
[Site "St. Petersburg"]
[Date "2018.12.29"]
[Round "2.55"]
[White "Petrova, Irina"]
[Black "Sviridova, Vlada"]
[Result "1-0"]
[WhiteElo "2124"]
[BlackElo "2144"]
[Annotator "NA"]
[PlyCount "113"]
[EventDate "2018.12.19"]
[EventType "swiss"]
[EventCountry "RUS"]
[SourceTitle "playchess.com"]
[Source "ChessBase"]
[SourceQuality "1"]

1. d4 d5 2. Bf4 c5 3. e3 Nc6 4. c3 Nf6 5. Nd2 e6 6. Ngf3 Bd6 7. Ne5 Qc7 8. Ndf3 O-O 9. Bd3 Ne4 10. Qc2 f6 11. Nxc6 Bxf4 12. exf4 Qxc6 13. dxc5 h6 14. Bxe4 dxe4 15. Nd4 Qxc5 16. O-O e5 17. fxe5 Qxe5 18. Rae1 f5 19. f3 e3 20. f4 Qe7 21. Rf3 Qd6 22. Rexe3 Bd7 23. Rf1 Kh8 24. Re5 Qf6 25. Rfe1 Bc6 26. Rxf5 Qd8 27. Rxf8+ Qxf8 28. Nxc6 bxc6 29. Qe4 Rb8 30. b3 c5 31. c4 Qf6 32. g3 Rd8 33. Re2 Qa1+ 34. Kg2 Qc3 35. Qe7 Rg8 36. Qe5 Qd3 37. Kf2 Rc8 38. Qe4 Qc3 39. Qe6 Rg8 40. Qe5 Qb4 41. Qd5 a5 42. Qd2 Qb6 43. Re5 a4 44. bxa4 Qa6 45. Qe2 Qxa4 46. Re6 Qb4 47. Qe5 Kh7 48. Qf5+ Kh8 49. Qe5 Kh7 50. Qe4+ Kh8 51. Qe5 Kh7 52. Qe4+ Kh8 53. Qe5 Kh7 54. Qe4+ Kh8 55. Qd3 Qb2+ 56. Qe2 Qxa2 57. Qxa2 1-0

[Event "FIDE World Blitz-ch Women 2018"]
[Site "St. Petersburg"]
[Date "2018.12.29"]
[Round "2.56"]
[White "Tomilova, Elena"]
[Black "Maroroa, Sue"]
[Result "0-1"]
[WhiteElo "2338"]
[BlackElo "2120"]
[Annotator "NA"]
[PlyCount "68"]
[EventDate "2018.12.19"]
[EventType "swiss"]
[EventCountry "RUS"]
[SourceTitle "playchess.com"]
[Source "ChessBase"]
[SourceQuality "1"]

1. d4 Nf6 2. Bg5 d5 3. e3 c5 4. Bxf6 gxf6 5. c3 Nc6 6. Nf3 Qb6 7. Qd2 Bg4 8. Be2 Rg8 9. Na3 O-O-O 10. h3 Bh5 11. O-O e5 12. Nh4 Bxe2 13. Qxe2 exd4 14. cxd4 cxd4 15. exd4 Qxd4 16. Nf5 Qf4 17. Qc2 Kb8 18. Nb5 Rg5 19. Ng3 h5 20. Rfe1 h4 21. Nf1 a6 22. Nc3 Bd6 23. Ne2 Qf3 24. g3 hxg3 25. fxg3 Rdg8 26. Qc3 Qf5 27. Kg2 Rh5 28. Qf3 Qxh3+ 29. Kf2 Ne5 30. Nf4 Ng4+ 31. Ke2 Bxf4 32. Qxf4+ Ne5 33. Kd2 Rf5 34. Qd4 Nf3+ 0-1

[Event "FIDE World Blitz-ch Women 2018"]
[Site "St. Petersburg"]
[Date "2018.12.29"]
[Round "2.57"]
[White "Kosteniuk, Oksana"]
[Black "Tokhirjonova, Gulrukhbegim"]
[Result "0-1"]
[WhiteElo "2096"]
[BlackElo "2444"]
[Annotator "NA"]
[PlyCount "106"]
[EventDate "2018.12.19"]
[EventType "swiss"]
[EventCountry "RUS"]
[SourceTitle "playchess.com"]
[Source "ChessBase"]
[SourceQuality "1"]

1. Nf3 d5 2. g3 c6 3. Bg2 Bg4 4. d3 Nd7 5. Nbd2 Ngf6 6. O-O e5 7. e4 Bd6 8. h3 Bh5 9. exd5 cxd5 10. g4 Bg6 11. Re1 O-O 12. Nf1 Qc7 13. Bg5 h6 14. Bh4 e4 15. dxe4 Bxe4 16. Nd4 a6 17. c3 Rfe8 18. Qb3 Nc5 19. Qd1 Bxg2 20. Kxg2 Rxe1 21. Qxe1 Re8 22. Qd2 Nfe4 23. Qc2 Ne6 24. Nxe6 fxe6 25. Rd1 Rf8 26. f3 Nf6 27. Qg6 Qc4 28. Rd2 Bf4 29. Rf2 Qc7 30. Bg3 Bxg3 31. Nxg3 Qf7 32. Qxf7+ Kxf7 33. Re2 Rc8 34. Nf1 g5 35. Ne3 Nd7 36. Nc2 Kf6 37. Nb4 Nf8 38. Kg3 Ng6 39. Nd3 e5 40. Nb4 Rd8 41. Rd2 Nf4 42. c4 d4 43. h4 gxh4+ 44. Kxh4 e4 45. fxe4 Ke5 46. Nc2 Kxe4 47. Kg3 d3 48. Nb4 Ke3 49. Rh2 Ne2+ 50. Kh4 d2 51. Nd5+ Rxd5 52. cxd5 d1=Q 53. Rh3+ Ke4 0-1

[Event "FIDE World Blitz-ch Women 2018"]
[Site "St. Petersburg"]
[Date "2018.12.29"]
[Round "2.58"]
[White "Nomin-Erdene, Davaademberel"]
[Black "Kirchei, Viktoriia"]
[Result "1-0"]
[WhiteElo "2376"]
[BlackElo "1972"]
[Annotator "NA"]
[PlyCount "65"]
[EventDate "2018.12.19"]
[EventType "swiss"]
[EventCountry "RUS"]
[SourceTitle "playchess.com"]
[Source "ChessBase"]
[SourceQuality "1"]

1. e4 c5 2. Nf3 Nc6 3. d4 cxd4 4. Nxd4 g6 5. c4 Bg7 6. Be3 d6 7. Nc3 Nf6 8. Be2 O-O 9. O-O Bd7 10. f3 Qb6 11. Ncb5 a6 12. Nc2 Qa5 13. Nc3 Rac8 14. f4 Rfd8 15. a3 Qc7 16. Nd4 Nxd4 17. Bxd4 e5 18. Be3 Bc6 19. Bd3 Qe7 20. Qc2 Bh6 21. Rae1 Ng4 22. Bc1 Qh4 23. h3 Nf6 24. f5 Bf4 25. Bxf4 exf4 26. Qf2 Qxf2+ 27. Rxf2 g5 28. Rd2 Nd7 29. Bb1 Ne5 30. b3 b5 31. cxb5 axb5 32. Red1 d5 33. Ne2 1-0

[Event "FIDE World Blitz-ch Women 2018"]
[Site "St. Petersburg"]
[Date "2018.12.29"]
[Round "2.59"]
[White "Guseva, Marina"]
[Black "Tomashevskaya, Lidia"]
[Result "1/2-1/2"]
[WhiteElo "2408"]
[BlackElo "2123"]
[Annotator "NA"]
[PlyCount "94"]
[EventDate "2018.12.19"]
[EventType "swiss"]
[EventCountry "RUS"]
[SourceTitle "playchess.com"]
[Source "ChessBase"]
[SourceQuality "1"]

1. d4 Nf6 2. c4 g6 3. Nf3 Bg7 4. g3 d5 5. b3 c6 6. Bg2 O-O 7. O-O b6 8. Re1 Bb7 9. Bb2 Nbd7 10. Nbd2 Rc8 11. Ne5 c5 12. e3 Qc7 13. Nxd7 Qxd7 14. cxd5 Nxd5 15. Nc4 Rfd8 16. e4 Nb4 17. d5 Bxb2 18. Nxb2 e6 19. a3 Na6 20. Qe2 exd5 21. exd5 Nc7 22. Rad1 Bxd5 23. Bxd5 Nxd5 24. Qf3 Qc6 25. Re5 Qf6 26. Qxf6 Nxf6 27. Rde1 Rd2 28. Nc4 Ra2 29. Re7 Ng4 30. Rxa7 Nxf2 31. Rf1 Ng4 32. Rfxf7 Re8 33. Rg7+ Kh8 34. Rxh7+ Kg8 35. Rag7+ Kf8 36. Rh8+ Kxg7 37. Rxe8 Nxh2 38. Re7+ Kf6 39. Rb7 Nf3+ 40. Kf1 Nd4 41. Rxb6+ Kf5 42. Nd6+ Kg4 43. Ne4 Kf3 44. Ng5+ Kxg3 45. Ke1 Rxa3 46. Ne4+ Kf4 47. Nxc5 g5 1/2-1/2

[Event "FIDE World Blitz-ch Women 2018"]
[Site "St. Petersburg"]
[Date "2018.12.29"]
[Round "2.60"]
[White "Afonasieva, Anna"]
[Black "Assaubayeva, Bibisara"]
[Result "0-1"]
[WhiteElo "2207"]
[BlackElo "2372"]
[Annotator "NA"]
[PlyCount "60"]
[EventDate "2018.12.19"]
[EventType "swiss"]
[EventCountry "RUS"]
[SourceTitle "playchess.com"]
[Source "ChessBase"]
[SourceQuality "1"]

1. d4 Nf6 2. Nf3 g6 3. c4 Bg7 4. g3 O-O 5. Bg2 d6 6. O-O c6 7. Nc3 Bf5 8. h3 Ne4 9. Nxe4 Bxe4 10. b3 Nd7 11. Bb2 a5 12. a3 d5 13. cxd5 Bxd5 14. Qc2 Qb6 15. Nd2 Bxg2 16. Kxg2 Rfd8 17. e3 c5 18. dxc5 Qxc5 19. Rac1 Bxb2 20. Qxb2 Qd5+ 21. e4 Qe6 22. Kh2 Ne5 23. Rcd1 Qf6 24. Qc2 Rac8 25. Nc4 Rxd1 26. Rxd1 Nxc4 27. bxc4 e6 28. Rd7 b5 29. c5 Rc6 30. Rb7 Qf3 0-1

[Event "FIDE World Blitz-ch Women 2018"]
[Site "St. Petersburg"]
[Date "2018.12.29"]
[Round "2.61"]
[White "Gromova, Iulia"]
[Black "Smirnova, Ekaterina"]
[Result "0-1"]
[WhiteElo "2241"]
[BlackElo "2192"]
[Annotator "NA"]
[PlyCount "94"]
[EventDate "2018.12.19"]
[EventType "swiss"]
[EventCountry "RUS"]
[SourceTitle "playchess.com"]
[Source "ChessBase"]
[SourceQuality "1"]

1. d4 d5 2. c4 c6 3. Nf3 Nf6 4. e3 Bg4 5. Bd3 e6 6. O-O Nbd7 7. Nbd2 Bd6 8. h3 Bh5 9. b3 O-O 10. Bb2 c5 11. Qc2 Bg6 12. Bxg6 hxg6 13. Rfd1 Qe7 14. Ne5 Rac8 15. Qd3 Rfd8 16. Qe2 Bb8 17. Rac1 b6 18. Ndf3 Ne4 19. Nxd7 Rxd7 20. Ne5 Bxe5 21. dxe5 Rcd8 22. f3 Ng3 23. Qe1 Nf5 24. g4 Nh4 25. Kf2 g5 26. Rd2 dxc4 27. Rxd7 Qxd7 28. Rxc4 Qd2+ 29. Qe2 Qd5 30. Rc2 Ng6 31. Bc1 Qxe5 32. Kg2 Nh4+ 33. Kg1 Qg3+ 34. Kf1 Qxh3+ 35. Kg1 Qg3+ 36. Kf1 Nxf3 37. Qf2 Qh3+ 38. Ke2 Ne5 39. Rd2 Qxg4+ 40. Ke1 Nd3+ 41. Rxd3 Rxd3 42. Bd2 Qe4 43. Qh2 e5 44. Ke2 Qd5 45. Ke1 Rxd2 46. Qxd2 Qxd2+ 47. Kxd2 g4 0-1

[Event "FIDE World Blitz-ch Women 2018"]
[Site "St. Petersburg"]
[Date "2018.12.29"]
[Round "2.62"]
[White "Chernyak, Viktoria"]
[Black "Yurasova, Daria"]
[Result "1-0"]
[WhiteElo "2186"]
[BlackElo "2190"]
[Annotator "NA"]
[PlyCount "71"]
[EventDate "2018.12.19"]
[EventType "swiss"]
[EventCountry "RUS"]
[SourceTitle "playchess.com"]
[Source "ChessBase"]
[SourceQuality "1"]

1. c4 Nf6 2. Nf3 e6 3. g3 d5 4. Bg2 Be7 5. O-O O-O 6. b3 c6 7. Bb2 Nbd7 8. d3 b6 9. Nbd2 Bb7 10. Rc1 c5 11. cxd5 exd5 12. d4 Re8 13. Re1 Bf8 14. Nb1 Ne4 15. Nc3 Ndf6 16. e3 g6 17. dxc5 bxc5 18. Nxe4 Nxe4 19. Qc2 Bg7 20. Bxg7 Kxg7 21. Nd2 Rc8 22. Red1 Qc7 23. Qb2+ Kg8 24. Rc2 Qa5 25. Nxe4 dxe4 26. Rdc1 Red8 27. h4 Rd3 28. h5 Qb6 29. h6 f6 30. Bf1 Qd6 31. Qa3 Rd2 32. Rxd2 Qxd2 33. Rxc5 Rd8 34. Rc7 Rd7 35. Qc5 Rxc7 36. Qxc7 1-0

[Event "FIDE World Blitz-ch Women 2018"]
[Site "St. Petersburg"]
[Date "2018.12.29"]
[Round "3.1"]
[White "Dzagnidze, Nana"]
[Black "Muzychuk, Mariya"]
[Result "0-1"]
[WhiteElo "2513"]
[BlackElo "2540"]
[Annotator "ChessBase"]
[PlyCount "76"]
[EventDate "2018.12.19"]
[EventType "swiss"]
[EventCountry "RUS"]
[SourceTitle "playchess.com"]
[Source "ChessBase"]
[SourceQuality "1"]

1. d4 d5 2. c4 e6 3. Nc3 Nf6 4. cxd5 exd5 5. Bg5 Be7 6. e3 c6 7. Bd3 O-O 8. Nge2 Re8 9. Qc2 Nbd7 10. O-O Nf8 11. f3 Ng6 12. e4 dxe4 13. fxe4 Ng4 14. Bd2 c5 15. Nd5 cxd4 16. Nxd4 Qd6 17. g3 Bd7 18. Bb4 Qe5 19. Nf3 Qe6 20. Nd4 Qe5 21. Nf3 Qh5 22. Bxe7 Nxe7 23. Nf4 Qa5 24. Rae1 Qb6+ 25. Kh1 Ne3 26. Rxe3 Qxe3 27. e5 Rac8 28. Bxh7+ Kh8 29. Qd3 Qxd3 30. Bxd3 Bc6 31. Kg1 Bxf3 32. Rxf3 Nc6 33. Bf5 Nxe5 34. Re3 Rc1+ 35. Kg2 Rd1 36. Re2 Rdd8 37. h4 Nc4 38. Rc2 Ne3+ 0-1

[Event "FIDE World Blitz-ch Women 2018"]
[Site "St. Petersburg"]
[Date "2018.12.29"]
[Round "3.2"]
[White "Berend, Elvira"]
[Black "Lagno, Kateryna"]
[Result "0-1"]
[WhiteElo "2332"]
[BlackElo "2560"]
[Annotator "ChessBase"]
[PlyCount "92"]
[EventDate "2018.12.19"]
[EventType "swiss"]
[EventCountry "RUS"]
[SourceTitle "playchess.com"]
[Source "ChessBase"]
[SourceQuality "1"]

1. d4 d6 2. Nf3 Nf6 3. g3 g6 4. Bg2 Bg7 5. O-O O-O 6. c3 Nbd7 7. Nbd2 e5 8. e4 b6 9. Re1 Bb7 10. d5 h6 11. a4 a5 12. b4 Ne8 13. bxa5 Rxa5 14. Nb3 Ra8 15. a5 Nc5 16. axb6 Rxa1 17. bxc7 Qa8 18. Nxa1 Qxa1 19. Be3 Qxd1 20. Rxd1 Nxc7 21. Bxc5 dxc5 22. Rb1 Ba6 23. Rb6 Bd3 24. Nd2 Nb5 25. Nb3 Nxc3 26. Nxc5 Bc4 27. d6 Ne2+ 28. Kh1 Nd4 29. Nb7 Be6 30. f4 Rb8 31. Bf1 Bg4 32. Bd3 Ne6 33. Kg1 exf4 34. Rb1 Bd4+ 35. Kf1 f3 36. d7 Bh3+ 37. Ke1 f2+ 38. Kd2 f1=Q 39. Bxf1 Bxf1 40. Rxf1 Rxb7 41. Kd3 Rxd7 42. Kc4 Kg7 43. Rd1 Rc7+ 44. Kb5 Be5 45. Rd5 Kf6 46. Ka4 Rc2 0-1

[Event "FIDE World Blitz-ch Women 2018"]
[Site "St. Petersburg"]
[Date "2018.12.29"]
[Round "3.3"]
[White "Paehtz, Elisabeth"]
[Black "Ju, Wenjun"]
[Result "0-1"]
[WhiteElo "2487"]
[BlackElo "2575"]
[Annotator "ChessBase"]
[PlyCount "64"]
[EventDate "2018.12.19"]
[EventType "swiss"]
[EventCountry "RUS"]
[SourceTitle "playchess.com"]
[Source "ChessBase"]
[SourceQuality "1"]

1. d4 Nf6 2. Nf3 d5 3. Bf4 e6 4. e3 c5 5. Nbd2 Nc6 6. c3 Be7 7. Bd3 Nh5 8. Be5 f6 9. Bg3 g6 10. dxc5 Bxc5 11. e4 O-O 12. Qc2 Bd7 13. Nb3 Bb6 14. exd5 exd5 15. O-O Nxg3 16. hxg3 Be8 17. Rad1 Bf7 18. Rfe1 Qc7 19. Kf1 Rad8 20. Qd2 Ne5 21. Nfd4 Rfe8 22. Kg1 a6 23. Bf1 Nc4 24. Qc2 Re5 25. g4 Rde8 26. Nf3 Rxe1 27. Rxe1 Rxe1 28. Nxe1 Qf4 29. Qe2 Ne5 30. Nd2 Nxg4 31. Nef3 Bxf2+ 32. Kh1 Qh6+ 0-1